Loading...
| Fine Arts - Classical Music | 0 | 8 | 1 | 1 | 75 | 31 | 80.50 | 0 | 2 | 17.43 | 33.93 |
| Literature - World | 0 | 6 | 0 | 1 | 60 | 60 | 79.17 | 0 | 2 | 15.10 | 28.13 |
| Fine Arts - Other | 0 | 6 | 0 | 0 | 60 | 26 | 71.83 | 2 | 5 | 17.34 | 36.31 |
| Science - Chemistry | 0 | 6 | 0 | 3 | 60 | 47 | 90.33 | 0 | 2 | 5.97 | 18.15 |
| Mythology | 0 | 4 | 0 | 2 | 40 | 65 | 107.25 | 0 | 0 | 3.76 | 8.48 |
| Literature - European | 0 | 4 | 0 | 1 | 40 | 53 | 96.25 | 1 | 1 | 6.59 | 18.15 |
| Literature - British | 0 | 3 | 0 | 0 | 30 | 25 | 82.33 | 1 | 1 | 6.62 | 12.50 |
| Science - Physics | 0 | 3 | 0 | 2 | 30 | 68 | 94.33 | 0 | 0 | 2.93 | 5.21 |
| Philosophy | 0 | 3 | 0 | 0 | 30 | 55 | 86.00 | 1 | 1 | 7.63 | 19.44 |
| Literature - American | 0 | 3 | 0 | 0 | 30 | 22 | 65.67 | 1 | 1 | 10.73 | 14.29 |
| Science - Other | 0 | 2 | 0 | 1 | 20 | 80 | 96.50 | 0 | 0 | 1.32 | 9.52 |
| Painting/Sculpture | 0 | 2 | 0 | 1 | 20 | 63 | 89.00 | 0 | 0 | 1.97 | 13.54 |
| Religion | 0 | 1 | 0 | 0 | 10 | 98 | 98.00 | 0 | 0 | 0.98 | 5.21 |
| Science - Biology | 0 | 1 | 0 | 0 | 10 | 62 | 62.00 | 0 | 0 | 3.37 | 5.21 |
| History - Other | 0 | 1 | 0 | 0 | 10 | 96 | 96.00 | 0 | 0 | 0.79 | 4.76 |
| Pop Culture | 0 | 1 | 0 | 0 | 10 | 73 | 73.00 | 0 | 0 | 7.19 | 7.50 |
| History - World | 0 | 1 | 1 | 0 | 5 | 54 | 54.00 | 0 | 1 | 3.96 | 8.33 |
| History - European | 0 | 0 | 0 | 0 | 0 | 0.00 | 0 | 0 | 0.00 | 0.00 |